ASSEMBLY elections 2002: under the shadow of fear (Record no. 54246)

000 -LEADER
fixed length control field 00745pab a2200157 454500
008 - FIXED-LENGTH DATA ELEMENTS--GENERAL INFORMATION
fixed length control field 180718b2002 xxu||||| |||| 00| 0 eng d
245 ## - TITLE STATEMENT
Title ASSEMBLY elections 2002: under the shadow of fear
260 ## - PUBLICATION, DISTRIBUTION, ETC.
Date of publication, distribution, etc. 2002
300 ## - PHYSICAL DESCRIPTION
Extent p.4357-360.
362 ## - DATES OF PUBLICATION AND/OR SEQUENTIAL DESIGNATION
Dates of publication and/or sequential designation 26 Oct
520 ## - SUMMARY, ETC.
Summary, etc. The Jammu and Kashmir elections held in four phases between the months of September and October faced the constant threat of disruption from militant attacks. However, as this report based on a teamwide study conduced by the ISS across 14 districtsw reveals, the elections threw up a few welcome surprises. - Reproduced.
650 ## - SUBJECT ADDED ENTRY--TOPICAL TERM
Topical term or geographic name entry element Jammu and Kashmir. Legislative Assembly - Elections
650 ## - SUBJECT ADDED ENTRY--TOPICAL TERM
Topical term or geographic name entry element Elections
773 ## - HOST ITEM ENTRY
Main entry heading Economic and Political Weekly
909 ## -
-- 54246
Holdings
Withdrawn status Lost status Damaged status Not for loan Permanent Location Current Location Date acquired Serial Enumeration / chronology Barcode Date last seen Price effective from Koha item type
        Indian Institute of Public Administration Indian Institute of Public Administration 2018-07-19 Volume no: 37, Issue no: 43 AR54691 2018-07-19 2018-07-19 Articles

Powered by Koha